[Event "Titled Tuesday intern op 01st Apr Early"]
[Site "Chess.com INT"]
[Date "2025.04.01"]
[Round "3"]
[White "Ilinca Ilinca, Felix Antonio"]
[Black "Sarveshwaran, V."]
[Result "1-0"]
[WhiteElo "2408"]
[BlackElo "2235"]
[PlyCount "67"]
[EventDate "2025.04.01"]
[EventType "swiss (blitz)"]
[EventRounds "11"]
[EventCountry "USA"]
[SourceTitle "CB15_2025"]
[SourceDate "2025.04.09"]
[SourceVersion "1"]
[SourceVersionDate "2025.04.09"]
[SourceQuality "1"]

1. d4 Nf6 2. Nc3 d5 3. Bf4 c6 4. e3 Bf5 5. Bd3 Bg6 6. h4 e6 7. h5 Bxd3 8. Qxd3 h6 9. Nf3 Nbd7 10. 0-0-0 b5 11. Kb1 Qa5 12. Ne5 Nxe5 13. Bxe5 b4 14. Ne2 Ne4 15. Rhf1 Nd6 16. f4 Qb5 17. Bxd6 Qxd3 18. cxd3 Bxd6 19. f5 e5 20. f6 gxf6 21. Rxf6 Ke7 22. Rdf1 Rh7 23. dxe5 Bxe5 24. Rxc6 Rg8 25. Rf2 Rg5 26. d4 Bd6 27. Ra6 Rxh5 28. Rxa7+ Ke6 29. Ra6 Rh1+ 30. Kc2 Ke7 31. Rf5 Rh2 32. Rxd5 Rxg2 33. Kd3 Rg6 34. e4 1-0

[Event "Titled Tuesday intern op 25th Mar Early"]
[Site "Chess.com INT"]
[Date "2025.03.25"]
[Round "2"]
[White "De Winter, Arthur"]
[Black "Sarveshwaran, V."]
[Result "1-0"]
[WhiteElo "2448"]
[BlackElo "2235"]
[PlyCount "119"]
[EventDate "2025.03.25"]
[EventType "swiss (blitz)"]
[EventRounds "11"]
[EventCountry "USA"]
[SourceTitle "CB14_2025"]
[SourceDate "2024.11.01"]
[SourceVersion "1"]
[SourceVersionDate "2024.11.01"]
[SourceQuality "1"]

1. e4 e6 2. d4 d5 3. Nc3 Bb4 4. Nge2 c5 5. a3 Bxc3+ 6. Nxc3 Nf6 7. dxc5 d4 8. Nb5 Nxe4 9. Qg4 Nxc5 10. Qxg7 Rf8 11. Bh6 Qe7 12. Qxf8+ Qxf8 13. Bxf8 Kxf8 14. Nc7 e5 15. Nxa8 Ne6 16. 0-0-0 b6 17. Bc4 Ke7 18. Bxe6 Kxe6 19. Nc7+ Kd6 20. Nb5+ Kc5 21. Nxa7 Bb7 22. b4+ Kc4 23. Kb2 Nd7 24. Rhe1 f5 25. f3 e4 26. fxe4 fxe4 27. Nb5 Kxb5 28. Rxd4 Ne5 29. Rdxe4 Bxe4 30. Rxe4 Nc4+ 31. Rxc4 Kxc4 32. c3 h5 33. Kc2 h4 34. h3 b5 35. Kb2 Kd3 36. a4 bxa4 37. b5 a3+ 38. Kxa3 Ke3 39. b6 Kf2 40. b7 Kxg2 41. b8Q Kxh3 42. Qf4 Kg2 43. Qxh4 Kg1 44. Qd4+ Kf1 45. Qd2 Kg1 46. Kb3 Kh1 47. Qe2 Kg1 48. Kc4 Kh1 49. Kd3 Kg1 50. Ke3 Kh1 51. Kf3 Kg1 52. c4 Kh1 53. c5 Kg1 54. c6 Kh1 55. c7 Kg1 56. c8N Kh1 57. Nd6 Kg1 58. Nf5 Kh1 59. Ne3 Kg1 60. Qg2# 1-0

[Event "Titled Tuesday intern op 25th Mar Early"]
[Site "Chess.com INT"]
[Date "2025.03.25"]
[Round "9"]
[White "Sarveshwaran, V."]
[Black "Danila, Tudor Gabriel"]
[Result "1-0"]
[WhiteElo "2235"]
[BlackElo "2178"]
[PlyCount "45"]
[EventDate "2025.03.25"]
[EventType "swiss (blitz)"]
[EventRounds "11"]
[EventCountry "USA"]
[SourceTitle "CB14_2025"]
[SourceDate "2024.11.01"]
[SourceVersion "1"]
[SourceVersionDate "2024.11.01"]
[SourceQuality "1"]

1. e4 c6 2. d4 d5 3. Nc3 dxe4 4. Nxe4 Nf6 5. Nxf6+ exf6 6. c3 Bd6 7. Bd3 0-0 8. Qc2 Re8+ 9. Ne2 h5 10. 0-0 h4 11. Nf4 Qc7 12. g3 Nd7 13. Bd2 Nf8 14. Rae1 Bd7 15. Qd1 hxg3 16. hxg3 Rad8 17. Kg2 c5 18. Qh5 cxd4 19. Rh1 Bc6+ 20. f3 Ng6 21. Qh7+ Kf8 22. Qh8+ Nxh8 23. Rxh8# 1-0

[Event "Titled Tuesday intern op 28th Jan Early"]
[Site "Chess.com INT"]
[Date "2025.01.28"]
[Round "6"]
[White "Sarveshwaran, V."]
[Black "Darmanin, Jake"]
[Result "1-0"]
[WhiteElo "2150"]
[BlackElo "2065"]
[PlyCount "83"]
[EventDate "2025.01.28"]
[EventType "swiss (blitz)"]
[EventRounds "11"]
[EventCountry "USA"]
[SourceTitle "CB06_2025"]
[SourceDate "2025.02.05"]
[SourceVersion "1"]
[SourceVersionDate "2025.02.05"]
[SourceQuality "1"]

1. e4 e5 2. Nf3 Nc6 3. Bb5 a6 4. Ba4 d6 5. 0-0 Bd7 6. c3 g5 7. Ne1 Bg7 8. d3 h6 9. Bc2 Nge7 10. a4 0-0 11. b4 b5 12. Nd2 f5 13. exf5 Nxf5 14. Ne4 Nce7 15. Bb3+ Kh8 16. Nc2 bxa4 17. Bxa4 Bxa4 18. Rxa4 Qd7 19. Ne3 Nxe3 20. Bxe3 Nd5 21. Ra5 Nf4 22. Bxf4 exf4 23. f3 Qc6 24. d4 Rfe8 25. Qa1 Re7 26. b5 Qc4 27. bxa6 c5 28. Nxd6 Qe2 29. Nf5 cxd4 30. Nxg7 Kxg7 31. cxd4 Rc7 32. Re1 Qd2 33. d5+ Kh7 34. Ra2 Qxd5 35. Kh1 Rca7 36. Ra5 Qf7 37. Qb1+ Qg6 38. Qb5 Qg7 39. h3 Qc3 40. Qf5+ Kh8 41. Re6 Qg7 42. Rae5 1-0

[Event "Titled Tuesday intern op 28th Jan Early"]
[Site "Chess.com INT"]
[Date "2025.01.28"]
[Round "3"]
[White "Sarveshwaran, V."]
[Black "Hernandez Jimenez, Alexander Andres"]
[Result "1-0"]
[WhiteElo "2150"]
[BlackElo "2043"]
[PlyCount "63"]
[EventDate "2025.01.28"]
[EventType "swiss (blitz)"]
[EventRounds "11"]
[EventCountry "USA"]
[SourceTitle "CB06_2025"]
[SourceDate "2025.02.05"]
[SourceVersion "1"]
[SourceVersionDate "2025.02.05"]
[SourceQuality "1"]

1. e4 c5 2. Nf3 Nc6 3. Bc4 e6 4. Qe2 a6 5. a4 Nd4 6. Nxd4 cxd4 7. 0-0 b6 8. f4 Bb7 9. c3 Bc5 10. Kh1 dxc3 11. bxc3 d5 12. exd5 Bxd5 13. Bxa6 Ne7 14. d4 Bd6 15. Bb5+ Kf8 16. Nd2 h5 17. Ne4 h4 18. Nxd6 Qxd6 19. Ba3 Qc7 20. Bxe7+ Qxe7 21. c4 Bb7 22. h3 Rh6 23. Rad1 Rg6 24. d5 Rd8 25. Bc6 Bxc6 26. dxc6 Rc8 27. Qe5 Rf6 28. Rd7 Qc5 29. Qxc5+ bxc5 30. c7 Ke8 31. Rfd1 Rxf4 32. Rd8+ 1-0

[Event "Titled Tuesday intern op 28th Jan Early"]
[Site "Chess.com INT"]
[Date "2025.01.28"]
[Round "1"]
[White "Sarveshwaran, V."]
[Black "Nihal, Sarin"]
[Result "0-1"]
[WhiteElo "2150"]
[BlackElo "2687"]
[PlyCount "94"]
[EventDate "2025.01.28"]
[EventType "swiss (blitz)"]
[EventRounds "11"]
[EventCountry "USA"]
[SourceTitle "CB06_2025"]
[SourceDate "2025.02.05"]
[SourceVersion "1"]
[SourceVersionDate "2025.02.05"]
[SourceQuality "1"]

1. e4 Nc6 2. d4 d6 3. Nc3 Nf6 4. Nf3 g6 5. h3 Bg7 6. Be3 0-0 7. Qd2 a6 8. a4 e5 9. dxe5 dxe5 10. Qxd8 Rxd8 11. Bd3 h6 12. 0-0-0 Be6 13. b3 Nb4 14. Kb2 Nxd3+ 15. Rxd3 Rxd3 16. cxd3 Rd8 17. Rd1 Nh5 18. d4 exd4 19. Bxd4 Nf4 20. Bxg7 Rxd1 21. Nxd1 Kxg7 22. Ne1 Kf6 23. f3 c5 24. h4 Ke5 25. Kc3 Ne2+ 26. Kd3 Nc1+ 27. Kc3 Nxb3 28. Nd3+ Kd6 29. Ne3 b5 30. axb5 axb5 31. f4 b4+ 32. Kb2 Nd2 33. e5+ Kc6 34. g4 Nc4+ 35. Nxc4 Bxc4 36. Nf2 Be6 37. f5 gxf5 38. g5 hxg5 39. hxg5 c4 40. Nh3 c3+ 41. Kc2 Kc5 42. Nf4 Bc4 43. e6 fxe6 44. Ng6 Kd4 45. Ne7 b3+ 46. Kc1 b2+ 47. Kc2 Bd3+ 0-1

[Event "Titled Tuesday intern op 28th Jan Early"]
[Site "Chess.com INT"]
[Date "2025.01.28"]
[Round "8"]
[White "Sarveshwaran, V."]
[Black "Thorfinnsson, Bjorn"]
[Result "1/2-1/2"]
[WhiteElo "2150"]
[BlackElo "2377"]
[PlyCount "72"]
[EventDate "2025.01.28"]
[EventType "swiss (blitz)"]
[EventRounds "11"]
[EventCountry "USA"]
[SourceTitle "CB06_2025"]
[SourceDate "2025.02.05"]
[SourceVersion "1"]
[SourceVersionDate "2025.02.05"]
[SourceQuality "1"]

1. e4 e5 2. Nf3 Nc6 3. Bb5 Nge7 4. 0-0 d6 5. d4 Bd7 6. d5 Nb8 7. Bd3 Ng6 8. c4 Be7 9. Nc3 0-0 10. Ne2 Bg4 11. Ng3 Nh4 12. Be2 Nxf3+ 13. Bxf3 Bxf3 14. Qxf3 Bg5 15. Qg4 Bxc1 16. Raxc1 Nd7 17. Nh5 g6 18. Qxd7 Qxd7 19. Nf6+ Kg7 20. Nxd7 Rfd8 21. Nxe5 dxe5 22. c5 c6 23. d6 Kf6 24. g3 Ke6 25. f4 f6 26. Kf2 Rab8 27. b4 b6 28. Rb1 a6 29. Ke3 bxc5 30. bxc5 Rb5 31. Rxb5 axb5 32. fxe5 fxe5 33. Rd1 Kd7 34. Rf1 Ke6 35. Rd1 Kd7 36. Rf1 Ke6 1/2-1/2

[Event "Titled Tuesday intern op 14th Jan Early"]
[Site "Chess.com INT"]
[Date "2025.01.14"]
[Round "3"]
[White "Sarveshwaran, V."]
[Black "Lortkipanidze, Nodar"]
[Result "0-1"]
[WhiteElo "2150"]
[BlackElo "2359"]
[PlyCount "140"]
[EventDate "2025.01.14"]
[EventType "swiss (blitz)"]
[EventRounds "11"]
[EventCountry "USA"]
[SourceTitle "CB04_2025"]
[SourceDate "2025.01.22"]
[SourceVersion "1"]
[SourceVersionDate "2025.01.22"]
[SourceQuality "1"]

1. e4 c5 2. Nf3 d6 3. d4 cxd4 4. Nxd4 Nf6 5. Nc3 g6 6. f3 Nc6 7. Be3 Bg7 8. Qd2 0-0 9. 0-0-0 d5 10. Nxc6 bxc6 11. e5 Nd7 12. f4 Nb6 13. h4 h5 14. Be2 Bf5 15. Rhg1 Qc8 16. g4 Bxg4 17. Bxg4 hxg4 18. h5 Nc4 19. Qd3 Nxe3 20. Qxe3 Qf5 21. hxg6 fxg6 22. Ne2 g5 23. Rdf1 gxf4 24. Rxf4 Qxe5 25. Qxe5 Bxe5 26. Rgxg4+ Bg7 27. c3 e5 28. Ra4 Rf2 29. Ng3 Kf7 30. Ra6 Bh6+ 31. Kb1 Rc8 32. Rxa7+ Ke6 33. Rh7 Be3 34. a4 Rb8 35. Rg6+ Rf6 36. Rxf6+ Kxf6 37. a5 Ra8 38. b4 c5 39. Rd7 Ke6 40. Rc7 e4 41. Nf1 Bf2 42. Rc6+ Ke5 43. a6 cxb4 44. cxb4 e3 45. Nxe3 Bxe3 46. b5 Rb8 47. b6 Rxb6+ 48. Rxb6 Bxb6 49. Kc2 Ba7 50. Kd3 Kd6 51. Kc3 Kc5 52. Kd3 d4 53. Kd2 Kc4 54. Kc2 d3+ 55. Kd2 Kd4 56. Kd1 Kc3 57. Kc1 d2+ 58. Kd1 Bb6 59. a7 Bxa7 60. Ke2 Kc2 61. Kf3 d1Q+ 62. Kf4 Qe2 63. Kf5 Qe3 64. Kf6 Qe4 65. Kf7 Qe5 66. Kg8 Qc7 67. Kf8 Kd3 68. Kg8 Qe7 69. Kh8 Bd4+ 70. Kg8 Qg7# 0-1

[Event "Titled Tuesday intern op 14th Jan Early"]
[Site "Chess.com INT"]
[Date "2025.01.14"]
[Round "2"]
[White "Sarveshwaran, V."]
[Black "Suvradeepta, Das"]
[Result "1-0"]
[WhiteElo "2150"]
[BlackElo "2324"]
[PlyCount "61"]
[EventDate "2025.01.14"]
[EventType "swiss (blitz)"]
[EventRounds "11"]
[EventCountry "USA"]
[SourceTitle "CB04_2025"]
[SourceDate "2025.01.22"]
[SourceVersion "1"]
[SourceVersionDate "2025.01.22"]
[SourceQuality "1"]

1. e4 c5 2. Nf3 e6 3. d4 cxd4 4. Nxd4 a6 5. c4 Nc6 6. Nc3 Bb4 7. Nc2 Bxc3+ 8. bxc3 Nf6 9. f3 Qc7 10. Ba3 Qa5 11. Qd2 Ng8 12. Be2 Nge7 13. 0-0 0-0 14. Bd6 Re8 15. a4 Ng6 16. Nb4 Qd8 17. f4 b6 18. Bh5 Qh4 19. Bxg6 hxg6 20. f5 exf5 21. exf5 Qxc4 22. fxg6 fxg6 23. Rf4 Qe6 24. Raf1 Bb7 25. Nc2 Ne5 26. Bxe5 Qxe5 27. Qxd7 Qd5 28. Qg4 Re6 29. Nd4 Rd6 30. R1f2 Rad8 31. Qe2 1-0

[Event "Chennai op 15th"]
[Site "Chennai"]
[Date "2025.01.05"]
[Round "5"]
[White "Nitin, Senthilvel"]
[Black "Sarveshwaran, V."]
[Result "0-1"]
[WhiteElo "2338"]
[BlackElo "2150"]
[PlyCount "88"]
[EventDate "2025.01.02"]
[EventType "swiss"]
[EventRounds "10"]
[EventCountry "IND"]
[SourceTitle "CB03_2025"]
[SourceDate "2025.01.15"]
[SourceVersion "1"]
[SourceVersionDate "2025.01.15"]
[SourceQuality "1"]

1. e4 e6 2. d4 d5 3. Nc3 Bb4 4. e5 c5 5. a3 Bxc3+ 6. bxc3 Ne7 7. h4 Qc7 8. h5 h6 9. Bd2 Nbc6 10. Qg4 Rg8 11. Nf3 c4 12. Qf4 Bd7 13. g4 0-0-0 14. Bh3 Rdf8 15. Ke2 Qa5 16. a4 f6 17. exf6 Rxf6 18. Qg3 Rgf8 19. Bg2 R6f7 20. Rhb1 a6 21. Rf1 g5 22. Ra2 Qc7 23. Qxc7+ Kxc7 24. Be3 e5 25. Nxe5 Nxe5 26. dxe5 Bxg4+ 27. Kd2 Nc6 28. Bc5 Rd8 29. Bd6+ Kc8 30. Ke3 Re8 31. Bxd5 Nxe5 32. Bxe5 Rf4 33. Bg2 Rxe5+ 34. Kd2 Re2+ 35. Kc1 Rfxf2 36. Rxf2 Rxf2 37. Bd5 Rf1+ 38. Kb2 Bxh5 39. Bxc4 Rf4 40. Bd3 Bf3 41. Ra1 g4 42. Re1 g3 43. Re8+ Kc7 44. Re7+ Kb8 0-1

[Event "Chennai op 15th"]
[Site "Chennai"]
[Date "2025.01.04"]
[Round "4"]
[White "Sarveshwaran, V."]
[Black "Mrithyunjay, Mahadevan"]
[Result "1-0"]
[WhiteElo "2150"]
[BlackElo "2345"]
[PlyCount "71"]
[EventDate "2025.01.02"]
[EventType "swiss"]
[EventRounds "10"]
[EventCountry "IND"]
[SourceTitle "CB03_2025"]
[SourceDate "2025.01.15"]
[SourceVersion "1"]
[SourceVersionDate "2025.01.15"]
[SourceQuality "1"]

1. e4 e5 2. Nf3 Nc6 3. Bb5 Bc5 4. c3 Nf6 5. 0-0 0-0 6. d4 Bb6 7. Bg5 h6 8. Bh4 Re8 9. Re1 exd4 10. e5 Nxe5 11. Nxe5 c6 12. Ba4 g5 13. Bg3 dxc3 14. Nxc3 d5 15. h4 d4 16. Bb3 Be6 17. Na4 Ba5 18. hxg5 hxg5 19. Bxe6 Rxe6 20. Nc5 Re7 21. Re2 Qd5 22. Qc1 Nh7 23. Ne4 Qb5 24. Nf6+ Kh8 25. Ng6+ fxg6 26. Rxe7 Nxf6 27. Be5 Bb4 28. Bxf6+ Kg8 29. Re5 Qd3 30. Qxg5 Rf8 31. Qh4 Kf7 32. Be7 g5 33. Qxg5 Rg8 34. Qf6+ Ke8 35. Bd6+ Kd7 36. Qe7+ 1-0

[Event "Chennai op 15th"]
[Site "Chennai"]
[Date "2025.01.03"]
[Round "2"]
[White "Sarveshwaran, V."]
[Black "Das, Sayantan"]
[Result "0-1"]
[WhiteElo "2150"]
[BlackElo "2434"]
[PlyCount "92"]
[EventDate "2025.01.02"]
[EventType "swiss"]
[EventRounds "10"]
[EventCountry "IND"]
[SourceTitle "CB03_2025"]
[SourceDate "2025.01.15"]
[SourceVersion "1"]
[SourceVersionDate "2025.01.15"]
[SourceQuality "1"]

1. e4 c5 2. Nf3 Nc6 3. d4 cxd4 4. Nxd4 Nf6 5. Nc3 h5 6. h3 g6 7. Be2 Bg7 8. Be3 0-0 9. Nb3 b6 10. 0-0 Bb7 11. a3 Rc8 12. f4 d6 13. Bf3 e6 14. Rf2 Ne7 15. Rd2 Rxc3 16. Rxd6 Qa8 17. bxc3 Bxe4 18. Rd3 Bxf3 19. Qxf3 Qxf3 20. gxf3 Nfd5 21. Bd2 Rc8 22. a4 Nxc3 23. a5 Ned5 24. axb6 axb6 25. Bxc3 Bxc3 26. Ra7 Bf6 27. f5 gxf5 28. Rxd5 exd5 29. Ra2 Rc3 30. Kf2 b5 31. Nc1 b4 32. Ne2 Ra3 33. Nc1 Bg5 34. Rxa3 bxa3 35. Na2 Kg7 36. Ke2 Kf6 37. Kd3 Ke5 38. Nc3 h4 39. Na2 Be7 40. Kc3 Kf4 41. Kd4 Kg3 42. Kxd5 Kxh3 43. c4 Kg2 44. c5 Bxc5 45. Kxc5 h3 46. f4 h2 0-1

[Event "Madurai Athens of the East op-A 4th"]
[Site "Madurai"]
[Date "2024.12.26"]
[Round "3"]
[White "Agibileg, Uurtsaikh"]
[Black "Sarveshwaran, V."]
[Result "1-0"]
[WhiteElo "2392"]
[BlackElo "2150"]
[PlyCount "93"]
[EventDate "2024.12.24"]
[EventType "swiss"]
[EventRounds "10"]
[EventCountry "IND"]
[SourceTitle "CB02_2025"]
[SourceDate "2025.01.08"]
[SourceVersion "1"]
[SourceVersionDate "2025.01.08"]
[SourceQuality "1"]

1. d4 Nf6 2. c4 e6 3. Nc3 d5 4. cxd5 exd5 5. Bg5 Be7 6. e3 0-0 7. Bd3 h6 8. Bh4 c6 9. Nge2 a5 10. 0-0 b5 11. f3 Na6 12. Kh1 Nc7 13. Bf2 Ba6 14. e4 dxe4 15. fxe4 b4 16. Na4 Bb5 17. Ng3 Re8 18. Nb6 Rb8 19. Nc4 Ne6 20. Bg1 c5 21. d5 Ng5 22. Rc1 Bf8 23. Re1 g6 24. a4 bxa3 25. bxa3 h5 26. Qd2 Bxc4 27. Rxc4 Ng4 28. h3 Bd6 29. Nf1 Ne5 30. Rc3 c4 31. Bc2 Qe7 32. Bd4 Rec8 33. Ne3 Rb2 34. Nf5 gxf5 35. exf5 f6 36. h4 Rxc2 37. Qxc2 Nh7 38. Bxe5 Bxe5 39. Rxc4 Rxc4 40. Qxc4 Qxa3 41. d6+ Kf8 42. d7 Qg3 43. d8Q+ Kg7 44. Qcg8+ Kh6 45. Qxg3 Bxg3 46. Qg8 Bxe1 47. Qg6# 1-0

[Event "Tamil Nadu IM 27th"]
[Site "Coimbatore"]
[Date "2024.09.08"]
[Round "2"]
[White "Sarveshwaran, V."]
[Black "Dinesh, Rajan M"]
[Result "1/2-1/2"]
[WhiteElo "2196"]
[BlackElo "2258"]
[PlyCount "167"]
[EventDate "2024.09.07"]
[EventType "tourn"]
[EventRounds "9"]
[EventCountry "IND"]
[EventCategory "1"]
[SourceTitle "EXT 2025"]
[Source "ChessBase"]
[SourceDate "2024.10.14"]
[SourceVersion "1"]
[SourceVersionDate "2024.10.14"]
[SourceQuality "1"]

1. e4 e5 2. Nf3 Nc6 3. Bb5 a6 4. Ba4 b5 5. Bb3 Na5 6. 0-0 d6 7. c3 Nxb3 8. axb3 Bb7 9. d4 Nf6 10. Nbd2 exd4 11. Nxd4 c5 12. Nc2 Be7 13. Re1 0-0 14. c4 Re8 15. f3 Nd7 16. Nf1 Nb6 17. Qd3 Bf6 18. Nfe3 bxc4 19. bxc4 a5 20. Bd2 Nd7 21. Ng4 Ne5 22. Nxe5 Bxe5 23. Bc3 Bc6 24. Ne3 a4 25. Nf5 Qf6 26. Bxe5 dxe5 27. Qe3 Bd7 28. Qxc5 Bxf5 29. exf5 Qxf5 30. Qb5 Qc2 31. Rec1 Qd3 32. Rd1 Qe3+ 33. Kh1 e4 34. Re1 Qf4 35. fxe4 Rxe4 36. Qc6 Rxe1+ 37. Rxe1 Qb8 38. Re7 a3 39. Qd5 Kh8 40. Qxf7 Qg8 41. bxa3 Rxa3 42. Kg1 Qxf7 43. Rxf7 Kg8 44. Rf4 Ra2 45. Rf2 Ra1+ 46. Rf1 Ra4 47. Rc1 Kf7 48. Kf2 Ke6 49. Ke3 Ra3+ 50. Ke4 Ra2 51. c5 Kd7 52. c6+ Kc7 53. Kf3 Rd2 54. h4 Rd6 55. Ra1 Kxc6 56. Ra6+ Kd5 57. Ra7 Rf6+ 58. Kg4 Rg6+ 59. Kh3 Ke5 60. g4 h5 61. Ra5+ Ke6 62. Rxh5 Kf7 63. Rh8 Ra6 64. h5 Ra5 65. Kh4 Ra7 66. Rb8 Rc7 67. Rh8 Re7 68. Ra8 Rd7 69. Ra5 Kg8 70. Ra4 Kh7 71. g5 Rd1 72. Kg4 Rg1+ 73. Kf5 Rh1 74. h6 Rf1+ 75. Kg4 Rg1+ 76. Kf4 Rf1+ 77. Kg4 Rg1+ 78. Kf5 Rf1+ 79. Rf4 Rxf4+ 80. Kxf4 gxh6 81. gxh6 Kg6 82. h7 Kg7 83. Kg5 Kh8 84. Kh6 1/2-1/2

[Event "Lorca op 12th"]
[Site "Lorca"]
[Date "2023.12.29"]
[Round "6"]
[White "Fiorito, Joaquin"]
[Black "Sarveshwaran, V."]
[Result "1-0"]
[WhiteElo "2410"]
[BlackElo "1923"]
[PlyCount "91"]
[EventDate "2023.12.26"]
[EventType "swiss"]
[EventRounds "9"]
[EventCountry "ESP"]
[SourceTitle "CBM 217 Extra"]
[Source "ChessBase"]
[SourceDate "2024.01.31"]
[SourceVersion "1"]
[SourceVersionDate "2024.01.31"]
[SourceQuality "1"]

1. e4 e6 2. d4 d5 3. Nc3 Nf6 4. Bg5 dxe4 5. Nxe4 Be7 6. Bxf6 Bxf6 7. Nf3 Nd7 8. Qd2 Be7 9. 0-0-0 Nf6 10. Bd3 Qd5 11. Nxf6+ gxf6 12. c4 Qd6 13. Kb1 Bd7 14. Be4 c6 15. d5 0-0-0 16. Rhe1 Qc5 17. Qe2 e5 18. a3 a5 19. Qc2 h5 20. Nd2 Qxf2 21. dxc6 Bxc6 22. Bxc6 bxc6 23. Qc3 a4 24. Qa5 Qf5+ 25. Kc1 Kb7 26. c5 Rd4 27. Qb6+ Kc8 28. Qxc6+ Kb8 29. Qb6+ Ka8 30. Qa6+ Kb8 31. Nf3 Rc8 32. Rxd4 Rxc5+ 33. Rc4 Qf4+ 34. Nd2 Qf2 35. Rf1 Qd4 36. Rxc5 Bxc5 37. Qc4 Qd6 38. Ne4 Be3+ 39. Kc2 Qd7 40. Rd1 Bd4 41. Kb1 Qg4 42. Qc2 f5 43. Nd6 f4 44. Rc1 f6 45. Qc7+ Ka8 46. Qb7# 1-0